000 01800nam a22002417a 4500
001 6015
003 FISKH
005 20250403101040.0
008 250220b cb ||||| |||| 00| 0 eng d
020 _a9789924913801
_c$8.00
040 _aFISKH
_beng
_cFISKH
_dFISKH
050 _aDS554.T43 A3
082 _a920
100 _aThon, Thavry
245 _aA proper woman :
_bLife is a beautiful and wonderful gift /
_cThavry Thon
260 _aPhnom Penh :
_bImage Printing,
_c2019.
300 _a223 pages :
_billustrations ;
_c18 cm
520 _aThis is the true story of a young Cambodian woman who has challenged her country's social and cultural norms throughout her life and as a consequence has become an ambassador for female empowerment. Growing up on an island in the Bassac River, removed from many of the conveniences of modern life and surrounded by traditional customs and thought, Thavry's story is one of inspiration to females around the world. As Cambodia slowly recovers from the great turmoil and destruction of civil war and the Khmer Rouge, rural life largely returned to familiar, century-old ways. For women, this meant marrying young, bearing children and working on the family farm, with little say in anything. But with support from her parents, whose own childhood experiences had been greatly shaped by the four years of Khmer Rouge rule, Thavry was taught to value education as a means of breaking from the confines of the village and to forge her own independent future. Her inspiring story shows that encouraging young women to believe in their dreams - and supporting them to do so - can lead to a freedom to learn and grow unknown to earlier generations.
650 _aSociology,
650 _aBiography
_vNonfiction,
942 _2ddc
_cBK
_n0
999 _c6015
_d6015